Представление документа в формате RUSMARC

ПолеНазваниеЗначение
  Тип записи a
  Библиографический уровень m
001 Контрольный номер 17eb51d849f0453c9949b1834beebf2b
005 Дата корректировки 20260601125204.8
010 Индекс ISBN __
a ISBN 978-5-00114-343-7
b Уточнения в пер.
9 Тираж 8000 экз.
d Цена 911-00
100 Данные общей обработки __
a Данные общей обработки 20260529d2025 c y0rusy028902 ca
101 Язык документа 1_
a Язык текста rus
c Язык оригинала swe
102 Страна публикации __
a Страна публикации RU
105 Кодированные данные (монография) __
a Кодированные данные (монография) a z 000ay
181 Поле кодированных данных: вид содержания _0
a Код вида содержания (ISBD) i
181 Поле кодированных данных: вид содержания _0
a Код вида содержания (ISBD) b
182 Поле кодированных данных: тип средства _0
a Код типа средства (ISBD) n
200 Заглавие и сведения об ответственности 1_
a Заглавие Финдус переезжает
e Сведения, относящиеся к заглавию [для чтения взрослыми детям]
f Первые сведения об ответственности Свен Нурдквист
g Последующие сведения об ответственности перевод со шведского Ксении Коваленко
g Последующие сведения об ответственности [иллюстрации Свена Нурдквиста]
203 Вид содержания и тип средства __
a Вид содержания Текст
a Вид содержания Изображение
b Характеристика содержания неподвижное
b Характеристика содержания двухмерное
c Тип средства непосредственные
205 Сведения об издании __
a Основные сведения об издании 2-е издание, исправленное
210 Выходные данные 1_
a Место издания Москва
c Издательство Белая ворона
c Издательство Альбус Корвус
d Дата издания 2025
215 Физическое описание __
a Объем [25] с.
c Иллюстрации/тип воспроизводства цв. ил.
d Формат 29 см
300 Общие примечания __
a Общие примечания На титульной странице издательство на английском языке: Albus Corvus
330 Аннотация __
a Аннотация По утрам старик Петсон любит поспать - хотя бы до семи часов. А кот Финдус не может прожить без утренней разминки, которая начинается в четыре утра. Все бы ничего, но друзья живут в одной комнате. Свен Нурдквист - шведский художник и писатель, лауреат премии Астрид Линдгрен (2003 год). Первая книга о старике Петсоне и его умном котенке Финдусе вышла в 1984 году, после чего серия продолжилась, а автор набирал популярность сначала у себя на родине, в Швеции, а далее и во всей Европе. По мотивам серии о Петсоне и Финдусе сняты мультфильмы, сделаны компьютерные игры и созданы театральные постановки. На книгах Нурдквиста выросло не одно поколение детей во всем мире. Книги переведены на 40 языков.
333 Примечание о целевом назначении __
a Примечание о целевом назначении 0+
454 Оригинал _0
1 2001
a Findus flyttar ut
f Sven Nordqvist
1 700 1
a Nordqvist
g Sven
b S.
606 Тематические рубрики __
a Основная рубрика Художественная литература
2 Код системы nlr_sh
606 Тематические рубрики __
a Основная рубрика Литература Европы (произведения)
y Географическая подрубрика Швеция
2 Код системы nlr_sh
610 Ключевые слова 0_
a Ключевые слова шведская литература
610 Ключевые слова 0_
a Ключевые слова зарубежная литература
610 Ключевые слова 0_
a Ключевые слова иностранная литература
610 Ключевые слова 0_
a Ключевые слова сказки
610 Ключевые слова 0_
a Ключевые слова сказочные приключения
610 Ключевые слова 0_
a Ключевые слова тема приключений
610 Ключевые слова 0_
a Ключевые слова современная литература
610 Ключевые слова 0_
a Ключевые слова тема животных
610 Ключевые слова 0_
a Ключевые слова мультфильмы
610 Ключевые слова 0_
a Ключевые слова мультфильмы для детей
610 Ключевые слова 0_
a Ключевые слова тема дружбы
610 Ключевые слова 0_
a Ключевые слова детская литература
686 Индексы других классификаций __
2 Код системы rubbks
a Классификационный индекс Д
700 Автор _1
a Фамилия Нурдквист
b Имя С.
g Полное личное имя Свен
f Даты 1946-
4 Код отношения 070
4 Код отношения 440
702 Вторичная интеллектуальная ответственность _1
a Фамилия Коваленко
b Имя К. К.
g Полное личное имя Ксения Константиновна
4 Код отношения 730
801 Источник записи _2
b Организация Муниципальное бюджетное учреждение культуры "Централизованная библиотечная система" г. Сургут (Центральная городская библиотека им. А. С. Пушкина)
a Страна RU
c Дата составления 20260529
g Правила каталогизации PSBO
801 Источник записи _1
b Организация Муниципальное бюджетное учреждение культуры "Централизованная библиотечная система" г. Сургут (Центральная городская библиотека им. А. С. Пушкина)
a Страна RU
c Дата составления 20260529
g Правила каталогизации PSBO
852 Данные о местонахождении __
i Авторский знак Н 90
j Шифр хранения Д
900 Макрообъекты __
a Макрообъекты Финдус переезжает. Нурдквист, С., 2025
901 Тип документа __
a Ответственный ООФиК/Волкова
t Тип документа m
901 Тип документа __
a Ответственный 6 партия
903 Характеристики (МАРС) __
a Дата передачи 20260529
c Наименование библиотеки (МАРС) Муниципальное бюджетное учреждение культуры "Централизованная библиотечная система" г. Сургут (Центральная городская библиотека им. А. С. Пушкина)
969 Тип издания __
a Тип издания брошюра
a Тип издания издание для детей
a Тип издания книжка-картинка
a Тип издания Ф 26
990 Данные о заказе (DOS) __
j Количество экземпляров (DOS) 2
t N записи в КСУ для И/У (DOS) 202606